| 000 | 00309nam a2200097Ia 4500 | ||
|---|---|---|---|
| 008 | 220120s9999||||xx |||||||||||||| ||und|| | ||
| 100 |
_aAkash Patil and others _912846 |
||
| 245 | 0 | _aEnergy audit of CIT campus | |
| 260 |
_aCoorg Institute of Technology _bPonnampet _c2004 |
||
| 650 | _aELECTRONICS AND COMMUNICATIONS | ||
| 999 |
_c138446 _d138446 |
||